Batman : (Record no. 3260)

MARC details
000 -LEADER
fixed length control field 00982cam a22002777a 4500
005 - DATE AND TIME OF LATEST TRANSACTION
control field 20251027162108.0
020 ## - INTERNATIONAL STANDARD BOOK NUMBER
International Standard Book Number 9780061885211
040 ## - CATALOGING SOURCE
Original cataloging agency DLC
Transcribing agency DLC
Language of cataloging eng
050 00 - LIBRARY OF CONGRESS CALL NUMBER
Classification number PZ7.T85486
082 ## - DEWEY DECIMAL CLASSIFICATION NUMBER
Classification number 303
100 1# - MAIN ENTRY--PERSONAL NAME
Personal name Turner, Katharine
245 10 - TITLE STATEMENT
Title Batman :
Statement of responsibility, etc. by Turner, Katharine; pictures by Gordon, Steven E. ; colors by Gordon, Eric A.
Remainder of title Reptile rampage /
250 ## - EDITION STATEMENT
Edition statement First Edition
260 ## - PUBLICATION, DISTRIBUTION, ETC.
Place of publication, distribution, etc. New York :
Name of publisher, distributor, etc. HarperCollins Publishers ,
Date of publication, distribution, etc. 2012
300 ## - PHYSICAL DESCRIPTION
Extent 32 pages :
Other physical details color illustrations ;
Dimensions 24 cm.
490 0# - SERIES STATEMENT
Series statement I can read
Volume/sequential designation Level 2
505 ## - FORMATTED CONTENTS NOTE
Formatted contents note F <br/>
520 ## - SUMMARY, ETC.
Summary, etc. A Gotham City hospital is being terrorized by Killer Croc, and it's up to Batman to save the day! Can the Caped Crusader clean the city sewers of this rotten reptile?
521 ## - TARGET AUDIENCE NOTE
Target audience note 300 <br/>
Source Lexile <br/>
521 ## - TARGET AUDIENCE NOTE
Target audience note F <br/>
Source Raz-Plus <br/>
650 ## - SUBJECT ADDED ENTRY--TOPICAL TERM
Topical term or geographic name entry element superheroes
Form subdivision fiction
700 1# - ADDED ENTRY--PERSONAL NAME
Personal name Gordon, Steven E
906 ## - LOCAL DATA ELEMENT F, LDF (RLIN)
a 7
b cbc
c orignew
d 4
e epcn
f 20
g y-gencatlg
942 ## - ADDED ENTRY ELEMENTS (KOHA)
Source of classification or shelving scheme Dewey Decimal Classification
Koha item type Books
Suppress in OPAC No
999 ## -
-- 3260
-- 3260
Holdings
Withdrawn status Lost status Source of classification or shelving scheme Damaged status Not for loan Collection Home library Current library Shelving location Date acquired Total Checkouts Full call number Barcode Date last seen Date last checked out Price effective from Koha item type
Withdrawn   Dewey Decimal Classification Damaged   Fiction Footprints International School Library Network Toul Tom Poung Campus Footprints International School Library Network Toul Tom Poung Campus   02/22/2024 1 TUR 303 PZ7.T85486 FIS03695 05/08/2025 04/24/2025 02/22/2024 Books